000 00681nam a2200145Ia 4500
008 090124s9999 xx 000 0 und d
082 _b300626
245 _a श्रीमती काशिबाई कानिटकर आत्मचरित्र आणि चरित्र
250 _a1
260 _bवैद्य सरोजिनी
_c1980
300 _a283
630 _a श्रीमती काशिबाई कानिटकर आत्मचरित्र आणि चरित्र
730 _a श्रीमती काशिबाई कानिटकर आत्मचरित्र आणि चरित्र
942 _cBOOK
999 _c190180
_d190180